Detalles MARC
| 000 -CABECERA |
| Longitud fija campo de control |
02674nam a2200373 i 4500 |
| 003 - • IDENTIFICADOR DELl NÚMERO DE CONTROL |
| Identificador del número de control |
CO-BoRNBP |
| 005 - • FECHA Y HORA DE LA ÚLTIMA TRANSACCIÓN |
| Fecha y hora de la última transacción |
20260506212517.0 |
| 007 - • CAMPO FIJO DE DESCRIPCIÓN FÍSICA |
| Campo fijo de descripción física |
ta |
| 008 - • CÓDIGOS DE INFORMACIÓN DE LONGITUD FIJA |
| Códigos de información de longitud fija |
210804s2017 sp ab er 000 0 spa d |
| 020 ## - • NÚMERO INTERNACIONAL NORMALIZADO PARA LIBROS |
| Número Internacional Normalizado para Libros (ISBN) |
9788446043997 |
| 040 ## - FUENTE DE LA CATALOGACIÓN |
| Centro catalogador de origen |
CO-BoRNBP |
| Lengua de catalogación |
spa |
| Normas de descripción |
rda |
| Centro transcriptor |
CO-BoRNBP |
| 041 1# - • CÓDIGO DE LENGUA |
| Código de lengua del texto/banda sonora o título independiente |
spa |
| Código de lengua original |
eng |
| 043 ## - CÓDIGO DE ÁREA GEOGRÁFICA |
| Código de área geográfica |
Palestina |
| 082 04 - • NÚMERO DE LA CLASIFICACIÓN DECIMAL DEWEY |
| Número de clasificación (R) |
181.3 |
| Número del ítem |
P16p |
| Número de edición |
23 |
| 082 04 - • NÚMERO DE LA CLASIFICACIÓN DECIMAL DEWEY |
| Número de clasificación (R) |
956.94 |
| Número del ítem |
P16p |
| Número de edición |
23 |
| 100 1# - • PUNTO DE ACCESO PRINCIPAL-NOMBRE DE PERSONA |
| Nombre de persona |
Pappé, Ilan, |
| Fechas asociadas al nombre |
1954- , |
| Término indicativo de función |
aut |
| 245 14 - • TITULO PROPIAMENTE DICHO |
| Título |
Los palestinos olvidados : |
| Resto del título |
historia de los palestinos de Israel / |
| Mención de responsabilidad, etc. |
Ilan Pappé ; traducción de Jaime Blasco Castiñeyra. |
| 250 ## - • MENCIÓN DE EDICIÓN |
| Mención de edición |
Primera edición |
| 264 #1 - PRODUCCIÓN, PUBLICACIÓN , DISTRIBUCIÓN, FABRICACIÓN Y COPYRIGHT |
| Lugar de producción, publicación, distribución, fabricación |
Madrid, España : |
| Nombre del productor, editor, distribuidor, fabricante |
Ediciones Akal, |
| Fecha de de producción, publicación, distribución, fabricación o copyright |
2017. |
| 300 ## - • DESCRIPCIÓN FÍSICA |
| Extensión |
376 páginas : |
| Otras características físicas |
ilustraciones, mapas ; |
| Dimensiones |
22 cm. |
| 336 ## - TIPO DE CONTENIDO |
| Término de tipo de contenido |
texto |
| Código de tipo de contenido |
txt |
| Fuente |
rdacontent |
| 337 ## - TIPO DE MEDIO |
| Nombre del tipo de medio |
sin mediación |
| Código del tipo de medio |
n |
| Fuente |
rdamedia |
| 338 ## - TIPO DE SOPORTE |
| Nombre del tipo de soporte |
volumen |
| Código del tipo de soporte |
nc |
| Fuente |
rdacarrier |
| 490 0# - • MENCIÓN DE SERIE |
| Mención de serie |
Reverso a Historia crítica |
| 520 1# - • NOTA DE RESUMEN |
| Resumen, etc, |
En 1948 se fundó el Estado de Israel. Si los ciudadanos judíos se congratulaban de ello, los 160.000 palestinos que vivían en la región no sabían a qué atenerse, sintiendo la mirada de sospecha del gobierno israelí sobre ellos, controlados por un sistema militar que determinaba sus vidas. Muchos de ellos perdieron sus hogares bajo los buldóceres o a manos de inmigrantes judíos. En este innovador libro, Ilan Pappé narra la fascinante historia de los palestinos israelíes, de los palestinos desposeídos de la Cisjordania y la Franja de Gaza, cuyas experiencias han sido descuidadas en medio de la cobertura sin fin de ciudadanos judíos de Israel. Con base en entrevistas y materiales de archivo, Pappé describe cómo les fue a esos palestinos de 1948 bajo el dominio judío, desde sus primeras luchas por la ciudadanía hasta los enfrentamientos de larga duración por la tierra y la representación de la Knéset. En el camino, Pappé contempla a los palestinos en su vida cotidiana, argumentando que se han enfrentado a la discriminación, desde la provisión de la educación, la vivienda y de Empleo. Él traza la creciente confianza que tienen en sí mismos como grupo, así como su compleja relación con sus compatriotas. En última instancia se pregunta: ¿hasta qué punto es posible ser un ciudadano no-judío en un Estado judío. (Tomado de la fuente). |
| 521 1# - • NOTA DE PÚBLICO DESTINATARIO |
| Nota público destinatario (R ) |
Recomendado para un público mayor de 15 años. |
| 534 ## - • Nota De Versión Original |
| Título |
The forgotten palestinians: a history of the palestinians in Israel. |
| 650 17 - • PUNTO DE ACCESO ADICIONAL DE MATERIA - TÉRMINO DE MATERIA |
| Término de materia o nombre geográfico como elemento inicial |
Palestinos en Israel |
| Subdivisión de materia general |
Historia |
| Fuente del encabezamiento o término |
lemb |
| 650 17 - • PUNTO DE ACCESO ADICIONAL DE MATERIA - TÉRMINO DE MATERIA |
| Término de materia o nombre geográfico como elemento inicial |
Conflicto árabe-israelí |
| Fuente del encabezamiento o término |
lemb |
| 651 #4 - • PUNTO DE ACCESO ADICIONAL DE MATERIA - NOMBRE GEOGRÁFICO |
| Nombre geográfico |
Palestina |
| Subdivisión de materia general |
Historia |
| 700 1# - • PUNTO DE ACCESO ADICIONAL - NOMBRE DE PERSONA |
| Nombre de persona |
Blasco Castiñeyra, Jaime, |
| Término indicativo de función |
trl |
| 942 ## - ENTRADA DE ELEMENTOS AGREGADOS (KOHA) |
| Fuente de clasificaión o esquema |
Dewey Decimal Classification |
| Koha [por defecto] tipo de item |
LIbro |
| Suppress in OPAC |
0 |